Vainqueurs de la Coupe de la Ligue de 1995 à 2020 - Statistiques

Statistiques générales
  • Ce quiz a été pris 1 010 fois
  • Le résultat moyen est 23 sur 26
Statistiques - réponses
Hint Réponse % Correct
1995 Paris Saint-Germain
100%
1998 Paris Saint-Germain
100%
2008 Paris Saint-Germain
100%
2014 Paris Saint-Germain
100%
2015 Paris Saint-Germain
100%
2016 Paris Saint-Germain
100%
2017 Paris Saint-Germain
100%
2018 Paris Saint-Germain
100%
2020 Paris Saint-Germain
100%
2010 Olympique de Marseille
99%
2011 Olympique de Marseille
99%
2012 Olympique de Marseille
99%
2001 Olympique Lyonnais
98%
2002 Girondins de Bordeaux
90%
2007 Girondins de Bordeaux
90%
2009 Girondins de Bordeaux
90%
2003 AS Monaco
87%
2013 AS Saint-Étienne
86%
1997 RC Strasbourg
83%
2005 RC Strasbourg
83%
2019 RC Strasbourg
83%
1999 RC Lens
82%
1996 FC Metz
65%
2004 FC Sochaux-Montbéliard
60%
2006 AS Nancy-Lorraine
55%
2000 FC Gueugnon
38%
Aucun quiz correspondant
Distribution des résultats
% des personnes avec chaque résultat
Percentile par nombre de réponses
Votre historique - résultats
Vous n’avez pas pris ce quiz